¡Invisisbles! / (Registro nro. 9261)

Detalles MARC
000 -LIDER
fixed length control field 00628nam a22002417a 4500
001 - NÚMERO DE CONTROL
Identificador de número de control 00096
003 - IDENTIFICACDOR DE NÚMERO DE CONTROL
control field DO-SdBNP
005 - DATE AND TIME OF LATEST TRANSACTION
control field 20160316124452.0
007 - CAMPOS FIJOS DE DESCRIPCIÓN FÍSICA
fixed length control field 00096
008 - ELEMENTOS DE LONGITUD FIJA
fixed length control field 160316b sp 1995 ||||| |||| 00| 0 spa d
020 ## - ISBN
International Standard Book Number 9788440658920
040 ## - FUENTE DE CATALOGACIÓN
Agencia que crea de manera original el registro BPMSU
Idioma de catalogación spa
Agencia que realiza la transcripción BPMSU
092 ## - LOCALLY ASSIGNED DEWEY DECIMAL CALL NUMBER
Número de clasificación xxxxxxxxx
Número de ítem (Cutter) xxxxxxxxx
100 10 - ASIENTO PRINCIPAL -- NOMBRE PERSONAL
Nombre personal Stine, R. L.
245 ## - MENCIÓN DE TITULO
Título ¡Invisisbles! /
Mención de responsabilidad R. L. Stine ; traducción Concha Pérez
260 ## - PUBLICACIÓN, DISTRIBUCIÓN, ETC. (PIE DE IMPRENTA)
Lugar de publicación, distribución, etc Barcelona :
Nombre del editor, distribuidor, etc. Ediciones B.,
Fecha de publicación, distribución, etc 1995
300 ## - DESCRIPCIÓN FÍSICA
Extensión 153 p. :
Dimensiones 20 cm.
490 00 - MENCIÓN DE SERIES
Mención de serie Pesadillas
700 10 - ASIENTO SECUNDARIO -- NOMBRE PERSONAL
Nombre personal Pérez, Concha,
Mención de responsabilidad tr.
830 00 - ASIENTO SECUNDARIO DE SERIE--TÍTULO UNIFORME
Título uniforme Pesadillas
942 ## - ADDED ENTRY ELEMENTS (KOHA)
Source of classification or shelving scheme Dewey Decimal Classification
Koha item type Libros
956 ## - LOCAL ELECTRONIC LOCATION AND ACCESS (OCLC)
Nombre de host Brenda Tavárez
Existencias
Withdrawn status Lost status Source of classification or shelving scheme Damaged status Not for loan Collection code Home library Current library Date acquired Source of acquisition Total Checkouts Barcode Date last seen Price effective from Koha item type
    Dewey Decimal Classification       Biblioteca Pública Metropolitana Salomé Ureña Biblioteca Pública Metropolitana Salomé Ureña 03/16/2016 Donación   BPMSU16030136 03/16/2016 03/16/2016 Libros